| 000 | 00771nam a22002177a 4500 | ||
|---|---|---|---|
| 003 | OSt | ||
| 005 | 20231005091125.0 | ||
| 008 | 221006b |||||||| |||| 00| 0 eng d | ||
| 040 | _cBiblioteca Lado V | ||
| 082 |
_a900 _bM921b |
||
| 100 |
_91157 _aMatta, Carlos _eautor |
||
| 245 | _aBreve historia del intervencionismo norteamericano en Latinoamérica desde 1946/ | ||
| 260 |
_aEl Salvador _bMano Blanca _c1980 |
||
| 300 |
_c58x42cm _a1p. _buna hoja |
||
| 366 | _eeng | ||
| 650 |
_2Tesauro de Arte & Arquitectura _aARTE _9703 |
||
| 650 |
_2Tesauro de Arte & Arquitectura _aHISTORIA _9702 |
||
| 650 |
_2Tesauro de Arte & Arquitectura _aPOLITICA _9702 |
||
| 650 |
_2Tesauro de Arte & Arquitectura _aINTERVENCIONISMO |
||
| 942 |
_2ddc _c1 _h900 _iM921b _n0 |
||
| 999 |
_c4480 _d4480 |
||